00449nam a2200157Ia 4500001000500000005001700005008004100022041000800063082001700071100002800088245012200116260000900238300002800247650000800275654000800283879720260306160636.0260306t2015||||xx |||||||||||||| ||spa|| aESP a371.337bB71 aBoisvert, FrancineeAUT 0aJuegos divertidos en educación primaria:bpara desarrollar la observación, la memoria, la reflexión, el ingenio c2015 a143 páginas :c24 cm. aGEN aCED